| 000 | 00748nam a2200301Ia 4500 | ||
|---|---|---|---|
| 001 | 60523 | ||
| 003 | IT-RoPAU | ||
| 008 | 130308s9999 xx 000 0 und d | ||
| 040 | _aIT-RoPAU | ||
| 040 | _cIT-RoPAU | ||
| 041 | _aFRANCESE | ||
| 100 | _aPataut Marc | ||
| 100 | _gCodice Aut. SPICS: 21734 | ||
| 245 | _aImages negociees | ||
| 245 | _bArt et Communication | ||
| 250 | _a1a ed. | ||
| 260 | _aPARIS | ||
| 260 | _bOsiris | ||
| 260 | _c1986 [1° Ed.:1986 - Ed.Ling.Originale:1986] | ||
| 300 | _a"4 p. (prefazione: no ; testo: 4 [pagine: 149-152])" | ||
| 500 | _aImmagini Negoziate | ||
| 650 | _aSAGGI DI ESTETOLOGIA | ||
| 650 | _eCodice materia Spics: 5111 | ||
| 942 | _cBK | ||
| 957 | _71 | ||
| 999 |
_c47519 _d47519 |
||
| 999 | _bSI | ||
| 999 | _g1 | ||